Projecte d'ordenança del repartiment de la contribució especial que imposin els ajuntaments per a subvencionar, amb l'adquisició de cèdules, la construcció d'un ferrocarril
Descripción Física:
11 p. ; 21'5 cm
Materias:
Ferrocarrils -- Construcció
MARC
| LEADER | 00000nam a2200000Ia 4500 | ||
|---|---|---|---|
| 001 | 1100 | ||
| 008 | 160829s1919 xx 000 0 cat d | ||
| 080 | |a RF-4-53 | ||
| 110 | 2 | |a Catalunya. |b Mancomunitat |9 53015 | |
| 245 | |a Projecte d'ordenança del repartiment de la contribució especial que imposin els ajuntaments per a subvencionar, amb l'adquisició de cèdules, la construcció d'un ferrocarril | ||
| 260 | |a Barcelona : |b [s.n.], |c 1919 | ||
| 300 | |a 11 p. ; |c 21'5 cm | ||
| 590 | |a El text de l'ordenança és en castellà. | ||
| 650 | |a Ferrocarrils |x Construcció |9 40018 | ||
| 856 | 4 | |u https://media.diba.cat/diba/fitxers/arxiu/fulletons/bib_1100_1919_baixa.pdf |y Accés lliure | |
| 856 | 4 | |u https://media.diba.cat/diba/fitxers/arxiu/fulletons/bib_1100_1919_baixa.pdf |y Accés lliure | |
| 901 | |a Arxiu | ||
| 942 | |n 1 |2 udc | ||
| 952 | |0 0 |1 0 |4 0 |6 RF453 |7 1 |9 41583 |a Arxiu |b Arxiu |d 2016-12-01 |l 0 |o RF-4-53 |p 1100 |r 2016-12-01 00:00:00 |w 2016-12-01 |y ARXIU | ||
| 999 | |c 43473 |d 43473 | ||
| 900 | |a bib_1100_1919_baixa.pdf | ||